000 01432nam a22003735a 4500
003 EG-ScBUE
005 20221218094949.0
008 190414s2003 ko ace f 000 0 mul d
020 _a8957700056
020 _a8957700048
020 _a9788957700048
040 _aEG-ScBUE
_beng
_erda
_cEG-ScBUE
_dEG-ScBUE
041 0 _aeng
_akor
043 _af-ua---
082 0 4 _a727.60009622
_bGRA
_222
245 0 0 _aGrand Egyptian Museum competition =
_b그랜드 이집트 박물관 현상 설계 = Kŭraendŭ Ijipt'ŭ Pangmulgwan hyŏnsang sŏlgye.
246 3 1 _a그랜드 이집트 박물관 현상 설계
246 3 1 _aKŭraendŭ Ijipt'ŭ Pangmulgwan hyŏnsang sŏlgye
264 1 _aSeoul, Korea (South) :
_bArchiworld,
_c2003.
300 _a183 pages :
_billustrations (chiefly color), portraits (some color), plans (some color),
_c31 cm.
336 _2rdacontent
_atext
_btxt
337 _2rdamedia
_aunmediated
_bn
338 _2rdacarrier
_avolume
_bnc
490 0 _aSin tosi kyehoek =
_aNew town project ;
_v3
546 _aText in Korean and English.
610 2 7 _aGrand Egyptian Museum Project.
_2BUEsh
650 7 _aMuseum architecture|z
_zEgypt
_zJīzah
_vDesigns and plans.
_2BUEsh
650 7 _aArchitecture
_xCompetitions
_zEgypt
_zJīzah.
_2BUEsh
650 7 _aArchitectural design
_xCompetitions
_zEgypt
_zJīzah.
_2BUEsh
651 _2BUEsh
653 _bENGARC
_cApril2019
655 _vReading book
942 _2ddc
_cBB
999 _c3527
_d3527